000 00465nam a2200193Ia 4500
003 0100
008 130303s9999 xx 000 0 und d
040 _cARRUPELIB
050 _aBX2250.L281985
100 _aLawler, Michael G
245 _aSecular marriage, Christian sacrament
260 _aMystic, Conn.
260 _bTwenty-Third Publications
260 _C1985
300 _avii
300 _b 140 p.22 cm
650 _bOld age-Philosophy
942 0 0 _01
999 _c8591
_d8591